000 01135cam a2200325 i 4500
001 24501
003 Mx-PuUPA
005 20251001123329.0
008 140415s1992 mx gr 001 0dspa d
040 _cMx-PuUPA
_aMx-PuUPA
_bspa
_dMx-PuUPA
_erda
041 0 _aspa
043 _an-mx---
100 1 _aArmella de Aspe, Virginia,
_eautor
_917523
245 1 3 _aTecuichpotzin /
_cVirginia Armella de Aspe
264 1 _a[México] ;
_bGobierno del Estado de Puebla,
_c1992
300 _a67 páginas ;
_c23 cm
336 _2rdacontent
_atexto
_btxt
337 _2rdamedia
_asin medio
_bn
338 _2rdacarrier
_avolumen
_bnc
490 0 _aColección V Bicentenario
600 1 4 _2armarc
_aMoctezuma, Isabel,
_d1509-1550
650 7 _2armarc
_aAztecas
_xReyes y gobernantes
650 7 _2armarc
_aAztecas
_xGenealogía
651 4 _aMéxico
_xReyes y gobernantes
_xGenealogía
651 4 _aMéxico
_xHistoria
_xConquista
_y1519-1940
651 4 _aMéxico
_xHistoria
_xColonia española
_y1540-1810
942 _2ddc
_cLI
_h972.02
_iA72
_ndhv
999 _c24501
_d24501